National government 1931: Extracts from The Times January to October 1931 (Record no. 204098)

MARC details
000 -LEADER
fixed length control field 00404nam a2200145Ia 4500
008 - FIXED-LENGTH DATA ELEMENTS--GENERAL INFORMATION
fixed length control field 230917s9999||||xx |||||||||||||| ||und||
040 ## - CATALOGING SOURCE
-- 42560
Original cataloging agency VIVEKANANDA LIBRARY
041 ## - Language
-- English
082 ## - DDC NUMBER
Classification number 942.083 B413N
100 ## - MAIN ENTRY--PERSONAL NAME
Personal name Bell, Colin, ed.
245 #0 - TITLE STATEMENT
Title National government 1931: Extracts from The Times January to October 1931
260 ## - PUBLICATION, DISTRIBUTION, ETC. (IMPRINT)
Place of publication, distribution, etc London
Name of publisher, distributor, etc Times Books
Date of publication, distribution, etc 1975
300 ## - PHYSICAL DESCRIPTION
Pages xxi, 209 p.
942 ## - ADDED ENTRY ELEMENTS (KOHA)
Koha item type Books
Holdings
Withdrawn status Lost status Damaged status Not for loan Location (home branch) Sublocation or collection (holding branch) Date acquired Koha issues (times borrowed) Koha full call number Accession No. Koha date last seen Koha item type
        VIVEKANANDA LIBRARY VIVEKANANDA LIBRARY 13/11/2002   942.083 B413N 64682 17/09/2023 Books
© Designed and Maintained by Vivekananda Library, MDU Rohtak